000 00222nam a22000857a 4500
008 161115b xxu||||| |||| 00| 0 eng d
100 _91228
_aArora.S.L.
245 _aMove Fast with Physics
260 _aNew Delhi
_bDhanpatrai
_c2016
999 _c3919
_d3919